000
00322nam a2200157Ia 4500
100
_a
Cowart/Robert
250
_a
2
942
_c
BK
654
_a
Computer
245
_a
Mastering Windows 95
260
_b
B.P.B.
_a
New Delhi
_c
1995
082
_a
005.43WIN95
_b
COW
300
_a
1156
546
_a
ENGLISH
999
_c
25419
_d
25419